000
00270nam a2200097Ia 4500
082
_a
J 597.96 MART
245
0
_a
The world's deadliest snakes
100
_a
MARTIN, Michael Mankato, Minn., 2006
_9
63850
942
_c
BK
008
210817s9999 xx 000 0 und d
999
_c
202804
_d
202801